<?xml version="1.0" encoding="UTF-8"?>
<record
    xmlns:xsi="http://www.w3.org/2001/XMLSchema-instance"
    xsi:schemaLocation="http://www.loc.gov/MARC21/slim http://www.loc.gov/standards/marcxml/schema/MARC21slim.xsd"
    xmlns="http://www.loc.gov/MARC21/slim">

  <leader>00404nam a22001697a 4500</leader>
  <controlfield tag="005">20160630112553.0</controlfield>
  <controlfield tag="008">160630b        xxu||||| |||| 00| 0 eng d</controlfield>
  <datafield tag="020" ind1=" " ind2=" ">
    <subfield code="a">978-0-07-068179-8</subfield>
  </datafield>
  <datafield tag="041" ind1=" " ind2=" ">
    <subfield code="a">eng</subfield>
  </datafield>
  <datafield tag="082" ind1=" " ind2=" ">
    <subfield code="b">19555</subfield>
  </datafield>
  <datafield tag="100" ind1=" " ind2=" ">
    <subfield code="a">Bhandari V B</subfield>
    <subfield code="9">3285</subfield>
  </datafield>
  <datafield tag="245" ind1=" " ind2=" ">
    <subfield code="a">Design of Machines Element</subfield>
  </datafield>
  <datafield tag="260" ind1=" " ind2=" ">
    <subfield code="b">Mc graw Hill</subfield>
    <subfield code="c">2014</subfield>
  </datafield>
  <datafield tag="300" ind1=" " ind2=" ">
    <subfield code="a">926</subfield>
  </datafield>
  <datafield tag="650" ind1=" " ind2=" ">
    <subfield code="a">Diploma Engineering</subfield>
    <subfield code="9">817</subfield>
  </datafield>
  <datafield tag="942" ind1=" " ind2=" ">
    <subfield code="c">BK</subfield>
  </datafield>
  <datafield tag="999" ind1=" " ind2=" ">
    <subfield code="c">4886</subfield>
    <subfield code="d">4884</subfield>
  </datafield>
  <datafield tag="952" ind1=" " ind2=" ">
    <subfield code="0">0</subfield>
    <subfield code="1">0</subfield>
    <subfield code="4">0</subfield>
    <subfield code="7">0</subfield>
    <subfield code="a">JRU</subfield>
    <subfield code="b">MAIN</subfield>
    <subfield code="c">SHELF-47-J</subfield>
    <subfield code="d">2016-06-30</subfield>
    <subfield code="g">599.00</subfield>
    <subfield code="l">5</subfield>
    <subfield code="o">19555</subfield>
    <subfield code="p">19555</subfield>
    <subfield code="r">2017-05-15 00:00:00</subfield>
    <subfield code="s">2017-04-27</subfield>
    <subfield code="w">2016-06-30</subfield>
    <subfield code="y">BK</subfield>
  </datafield>
  <datafield tag="952" ind1=" " ind2=" ">
    <subfield code="0">0</subfield>
    <subfield code="1">0</subfield>
    <subfield code="4">0</subfield>
    <subfield code="7">0</subfield>
    <subfield code="a">JRU</subfield>
    <subfield code="b">MAIN</subfield>
    <subfield code="c">SHELF-47-J</subfield>
    <subfield code="d">2016-06-30</subfield>
    <subfield code="g">599.00</subfield>
    <subfield code="l">12</subfield>
    <subfield code="m">2</subfield>
    <subfield code="o">19555</subfield>
    <subfield code="p">19556</subfield>
    <subfield code="r">2018-10-26 00:00:00</subfield>
    <subfield code="s">2018-10-24</subfield>
    <subfield code="w">2016-06-30</subfield>
    <subfield code="y">BK</subfield>
  </datafield>
  <datafield tag="952" ind1=" " ind2=" ">
    <subfield code="0">0</subfield>
    <subfield code="1">0</subfield>
    <subfield code="4">0</subfield>
    <subfield code="7">0</subfield>
    <subfield code="a">JRU</subfield>
    <subfield code="b">MAIN</subfield>
    <subfield code="c">SHELF-47-J</subfield>
    <subfield code="d">2016-06-30</subfield>
    <subfield code="g">599.00</subfield>
    <subfield code="l">19</subfield>
    <subfield code="o">19555</subfield>
    <subfield code="p">19557</subfield>
    <subfield code="r">2019-08-21 00:00:00</subfield>
    <subfield code="s">2019-08-21</subfield>
    <subfield code="w">2016-06-30</subfield>
    <subfield code="y">BK</subfield>
  </datafield>
  <datafield tag="952" ind1=" " ind2=" ">
    <subfield code="0">0</subfield>
    <subfield code="1">0</subfield>
    <subfield code="4">0</subfield>
    <subfield code="7">0</subfield>
    <subfield code="a">JRU</subfield>
    <subfield code="b">MAIN</subfield>
    <subfield code="c">SHELF-47-J</subfield>
    <subfield code="d">2016-06-30</subfield>
    <subfield code="g">599.00</subfield>
    <subfield code="l">10</subfield>
    <subfield code="m">4</subfield>
    <subfield code="o">19555</subfield>
    <subfield code="p">19558</subfield>
    <subfield code="r">2020-06-05 00:00:00</subfield>
    <subfield code="s">2019-06-20</subfield>
    <subfield code="w">2016-06-30</subfield>
    <subfield code="y">BK</subfield>
  </datafield>
  <datafield tag="952" ind1=" " ind2=" ">
    <subfield code="0">0</subfield>
    <subfield code="1">0</subfield>
    <subfield code="4">0</subfield>
    <subfield code="7">0</subfield>
    <subfield code="a">JRU</subfield>
    <subfield code="b">MAIN</subfield>
    <subfield code="c">SHELF-47-J</subfield>
    <subfield code="d">2016-06-30</subfield>
    <subfield code="g">599.00</subfield>
    <subfield code="l">8</subfield>
    <subfield code="m">2</subfield>
    <subfield code="o">19555</subfield>
    <subfield code="p">19559</subfield>
    <subfield code="r">2019-04-30 00:00:00</subfield>
    <subfield code="s">2019-04-30</subfield>
    <subfield code="w">2016-06-30</subfield>
    <subfield code="y">BK</subfield>
  </datafield>
  <datafield tag="952" ind1=" " ind2=" ">
    <subfield code="0">0</subfield>
    <subfield code="1">3</subfield>
    <subfield code="4">0</subfield>
    <subfield code="7">0</subfield>
    <subfield code="a">JRU</subfield>
    <subfield code="b">JRU</subfield>
    <subfield code="d">2016-06-30</subfield>
    <subfield code="g">599.00</subfield>
    <subfield code="l">0</subfield>
    <subfield code="o">19555</subfield>
    <subfield code="p">19560</subfield>
    <subfield code="r">2016-06-30 00:00:00</subfield>
    <subfield code="w">2016-06-30</subfield>
    <subfield code="y">BK</subfield>
  </datafield>
  <datafield tag="952" ind1=" " ind2=" ">
    <subfield code="0">0</subfield>
    <subfield code="1">0</subfield>
    <subfield code="4">0</subfield>
    <subfield code="7">0</subfield>
    <subfield code="a">JRU</subfield>
    <subfield code="b">MAIN</subfield>
    <subfield code="c">SHELF-47-J</subfield>
    <subfield code="d">2016-06-30</subfield>
    <subfield code="g">599.00</subfield>
    <subfield code="l">15</subfield>
    <subfield code="m">3</subfield>
    <subfield code="o">19555</subfield>
    <subfield code="p">19561</subfield>
    <subfield code="r">2022-06-29 00:00:00</subfield>
    <subfield code="s">2022-04-07</subfield>
    <subfield code="w">2016-06-30</subfield>
    <subfield code="y">BK</subfield>
  </datafield>
  <datafield tag="952" ind1=" " ind2=" ">
    <subfield code="0">0</subfield>
    <subfield code="1">0</subfield>
    <subfield code="4">0</subfield>
    <subfield code="7">0</subfield>
    <subfield code="a">JRU</subfield>
    <subfield code="b">MAIN</subfield>
    <subfield code="c">SHELF-47-J</subfield>
    <subfield code="d">2016-06-30</subfield>
    <subfield code="g">599.00</subfield>
    <subfield code="l">10</subfield>
    <subfield code="m">1</subfield>
    <subfield code="o">19555</subfield>
    <subfield code="p">19562</subfield>
    <subfield code="r">2019-11-23 00:00:00</subfield>
    <subfield code="s">2019-11-16</subfield>
    <subfield code="w">2016-06-30</subfield>
    <subfield code="y">BK</subfield>
  </datafield>
  <datafield tag="952" ind1=" " ind2=" ">
    <subfield code="0">0</subfield>
    <subfield code="1">3</subfield>
    <subfield code="4">0</subfield>
    <subfield code="7">0</subfield>
    <subfield code="a">JRU</subfield>
    <subfield code="b">MAIN</subfield>
    <subfield code="d">2016-06-30</subfield>
    <subfield code="g">599.00</subfield>
    <subfield code="l">0</subfield>
    <subfield code="o">19555</subfield>
    <subfield code="p">19563</subfield>
    <subfield code="r">2016-06-30 00:00:00</subfield>
    <subfield code="w">2016-06-30</subfield>
    <subfield code="y">BK</subfield>
  </datafield>
  <datafield tag="952" ind1=" " ind2=" ">
    <subfield code="0">0</subfield>
    <subfield code="1">0</subfield>
    <subfield code="4">0</subfield>
    <subfield code="7">0</subfield>
    <subfield code="a">JRU</subfield>
    <subfield code="b">MAIN</subfield>
    <subfield code="c">SHELF-47-J</subfield>
    <subfield code="d">2016-06-30</subfield>
    <subfield code="g">599.00</subfield>
    <subfield code="l">16</subfield>
    <subfield code="m">4</subfield>
    <subfield code="o">19555</subfield>
    <subfield code="p">19564</subfield>
    <subfield code="r">2022-03-14 00:00:00</subfield>
    <subfield code="s">2022-03-09</subfield>
    <subfield code="w">2016-06-30</subfield>
    <subfield code="y">BK</subfield>
  </datafield>
</record>
